000
00228nam a22000857a 4500
008
160704b xxu||||| |||| 00| 0 eng d
100
_9
2063
_a
Prakash, S
245
_a
Story of Swarajya
260
_a
New Delhi
_b
National Book Trust
_c
1973
999
_c
1760
_d
1760